Ligue des champions 2025-2026 - Logos - Statistiques

Statistiques générales
  • Ce quiz a été pris 273 fois
  • Le résultat moyen est 23 sur 29
Statistiques - réponses
Par images Réponse % Correct
Olympique de Marseille
100%
Bayern Munich
95%
Juventus FC
94%
Arsenal FC
92%
Inter Milan
92%
Atlético de Madrid
91%
PSV Eindhoven
91%
Atalanta Bergame
90%
Manchester City
90%
Liverpool FC
89%
Paris Saint-Germain
89%
Chelsea FC
87%
Sporting CP
87%
Ajax Amsterdam
86%
Galatasaray SK
84%
Real Madrid
83%
AS Monaco
82%
FC Barcelone
81%
Bayer Leverkusen
79%
Borussia Dortmund
79%
SSC Naples
79%
Tottenham Hotspur
79%
Eintracht Francfort
77%
Olympiakós
74%
Athletic Bilbao
60%
Union SG
59%
Slavia Prague
49%
Villarreal CF
49%
Newcastle United
47%
Aucun quiz correspondant
Distribution des résultats
% des personnes avec chaque résultat
Percentile par nombre de réponses
Votre historique - résultats
Vous n’avez pas pris ce quiz